Review of medical microbiology

Guardat en:
Dades bibliogràfiques
Autor principal: JAWETZ, Ernest. Melnick, Joseph L. Adelberg, Edward A.
Format: Llibre
Idioma:anglès
Publicat: Lange Medical Publications 1984
Etiquetes: Afegir etiqueta
Sense etiquetes, Sigues el primer a etiquetar aquest registre!

MARC

LEADER 00000nam a22000007a 4500
008 201207b ||||| |||| 00| 0 eng d
020 |a 0-87041-057-1 
100 |a JAWETZ, Ernest.  |a Melnick, Joseph L.   |a  Adelberg, Edward A. 
245 |a Review of medical microbiology  |c Ernest Jawetz, Joseph L. Melnick and Edward A. Adelberg  |g xiv, 557p.; ill. 
250 |b 16th ed. 
260 |b Lange Medical Publications  |c 1984  |h California:   |i 680763  |l QR46 .J32  |m Medical microbiology 
942 |a lcc  |c BK  |e Kuteyi M. A.  |f 7/12/2020 
952 |0 0  |1 0  |2 lcc  |4 0  |6 QR0046 J32  |7 0  |9 110  |a HOL  |b HOL  |c QZ  |d 2020-12-07  |l 0  |o QR46 .J32  |p 2020-0075  |r 2020-12-07 00:00:00  |w 2020-12-07  |y BK 
999 |c 35  |d 35